Verejné informačné služby očami legislatívy krajín Európskej únie

Gespeichert in:
Bibliographische Detailangaben
1. Verfasser: Procházka, Boris
Format: Buch
Sprache:Slowakisch
Veröffentlicht: Bratislava Prognostický ústav SAV 1995
Schriftenreihe:Otvorená séria
Schlagworte:
Tags: Tag hinzufügen
Keine Tags, Fügen Sie das erste Tag hinzu!

MARC

LEADER 00000nam$a2200000$$$4500
001 0026153
005 20240111124528.4
041 0 |a slo 
044 |a SK 
245 1 0 |a Verejné informačné služby očami legislatívy krajín Európskej únie  |c Boris Procházka 
264 1 |a Bratislava  |b Prognostický ústav SAV  |c 1995 
300 |a 14 s. 
490 1 |a Otvorená séria 
830 0 |a Otvorená séria 
610 2 0 |a služby informačné 
610 2 0 |a služby verejné 
610 2 0 |a legislatíva 
610 2 0 |a Európska únia 
100 1 |a Procházka, Boris